Statistics for Countries by skepticism on safety of vaccination

Click here to take the quiz!

General Stats

  • This quiz has been taken 50 times
  • The average score is 14 of 30

Answer Stats

PositionAnswer% Correct
43United States
95%
48China
79%
64Russia
74%
67France
67%
65Japan
64%
57Italy
60%
39Poland
57%
45Austria
55%
61Greece
55%
44Mexico
55%
50Turkey
55%
62Ukraine
52%
51Serbia
50%
58Slovenia
48%
47Belgium
45%
46Bulgaria
45%
66Bosnia and Herzegovina
43%
54Latvia
43%
38The Netherlands
43%
55Romania
40%
59Iran
38%
60Armenia
36%
56Vietnam
33%
52Macedonia
31%
49Azerbaijan
24%
42Congo
24%
63Mongolia
21%
41Fiji
19%
40Papua New Guinea
12%
53*Hong Kong
2%

Score Distribution

Percentile by Number Answered

Percent of People with Each Score

Your Score History

You have not taken this quiz